000 00309nam a2200133Ia 4500
005 20251222154322.0
008 251222s9999||||xx |||||||||||||| ||spa||
020 _a84-206-1649-4
082 _a868.9/B42
100 _a"Benet Goitia, Juan"
245 0 _aCuentos completos 1
250 _a4a.ed.
942 _cLIB
999 _c33819
_d33819